Gender Implications of Tribal Customary Law (Record no. 1848503)

MARC details
000 -LEADER
fixed length control field 00638nam a22001937a 4500
005 - DATE AND TIME OF LATEST TRANSACTION
control field 20260424115325.0
008 - FIXED-LENGTH DATA ELEMENTS--GENERAL INFORMATION
fixed length control field 260424b |||||||| |||| 00| 0 eng d
037 ## - SOURCE OF ACQUISITION
Terms of availability DSWL
040 ## - CATALOGING SOURCE
Original cataloging agency DSWL
Transcribing agency DSWL
041 ## - LANGUAGE CODE
Language code of original eng
084 ## - COLON CLASSIFICATION NUMBER
Classification number Y15(Z).4461 Q7
245 ## - TITLE STATEMENT
Title Gender Implications of Tribal Customary Law
260 ## - PUBLICATION, DISTRIBUTION, ETC.
Place of publication, distribution, etc. Jaipur,
Name of publisher, distributor, etc. Rawat Publication,
Date of publication, distribution, etc. 2017
300 ## - PHYSICAL DESCRIPTION
Extent 244p
365 ## - TRADE PRICE
Price type code INR
Price amount 950
700 ## - ADDED ENTRY--PERSONAL NAME
Personal name R P Athparia , Sunumi Changmi & Jyotikona Chetia Ed.
9 (RLIN) 1235637
942 ## - ADDED ENTRY ELEMENTS (KOHA)
Source of classification or shelving scheme Colon Classification (CC)
Koha item type Textual
Classification part Y15(Z).4461 Q7
Suppress in OPAC No
Holdings
Withdrawn status Lost status Source of classification or shelving scheme Damaged status Not for loan Home library Current library Date acquired Source of acquisition Cost, normal purchase price Total Checkouts Full call number Barcode Date last seen Price effective from Koha item type
    Colon Classification (CC)     Department of Social Work Library Department of Social Work Library 2026-04-24 Anshika Book International 950.00   Y15(Z).4461 Q7 SW0032409 2026-04-24 2026-04-24 Textual
Copyright @ Delhi University Library System